[Event "AUT-ch U16"]
[Site "St Veit"]
[Date "2015.03.31"]
[Round "5.5"]
[White "Bahl, Felix"]
[Black "Hochschwarzer, Jakob"]
[Result "1-0"]
[WhiteElo "2158"]
[BlackElo "1692"]
[PlyCount "43"]
[EventDate "2015.03.29"]
[EventType "swiss"]
[EventRounds "7"]
[EventCountry "AUT"]
[SourceTitle "EXT 2024"]
[Source "ChessBase"]
[SourceDate "2023.10.10"]
[SourceVersion "1"]
[SourceVersionDate "2023.10.10"]
[SourceQuality "1"]

1. d4 d5 2. c4 e6 3. Nf3 Nf6 4. e3 Nbd7 5. b3 Be7 6. Bd3 0-0 7. 0-0 c5 8. Nbd2 b6 9. Bb2 Bb7 10. Ne5 Rc8 11. Qe2 cxd4 12. exd4 Nxe5 13. dxe5 Nd7 14. Rad1 Qc7 15. f4 Rfd8 16. f5 exf5 17. Bxf5 Bc5+ 18. Kh1 d4 19. e6 fxe6 20. Bxe6+ Kh8 21. Rf7 Qc6 22. Qg4 1-0

[Event "AUT-ch U16"]
[Site "St Veit"]
[Date "2015.03.29"]
[Round "2.7"]
[White "Hochschwarzer, Jakob"]
[Black "Nussbaumer, Vincent"]
[Result "1/2-1/2"]
[WhiteElo "1692"]
[BlackElo "1844"]
[PlyCount "64"]
[EventDate "2015.03.29"]
[EventType "swiss"]
[EventRounds "7"]
[EventCountry "AUT"]
[SourceTitle "EXT 2024"]
[Source "ChessBase"]
[SourceDate "2023.10.10"]
[SourceVersion "1"]
[SourceVersionDate "2023.10.10"]
[SourceQuality "1"]

1. e4 c5 2. Nf3 d6 3. Bb5+ Bd7 4. Bxd7+ Nxd7 5. 0-0 Ngf6 6. Re1 e6 7. c3 Be7 8. d4 cxd4 9. cxd4 a6 10. h3 b5 11. Nbd2 0-0 12. Nf1 Qb6 13. Qd3 Rfc8 14. Ne3 Rc7 15. Bd2 Qb7 16. Ba5 Nb6 17. Nd2 Rac8 18. f3 Nfd7 19. Nb3 Bg5 20. d5 Bxe3+ 21. Rxe3 Ne5 22. Qd4 Nec4 23. Ree1 exd5 24. exd5 Nxa5 25. Nxa5 Qxd5 26. Qxb6 Rc2 27. Rad1 Rxg2+ 28. Kxg2 Rc2+ 29. Qf2 Qg5+ 30. Kf1 Rxf2+ 31. Kxf2 Qh4+ 32. Kg2 Qg5+ 1/2-1/2